El laboratorio y su interpretación semiológica / (Registro nro. 917)

Detalles MARC
000 -LEADER
fixed length control field 00649nam a2200193 a 4500
008 - CAMPO DE CONTROL (LIBRO)
fixed length control field 110902s1984 ag d f |||| 001 0 spa d
020 ## - INTERNATIONAL STANDARD BOOK NUMBER
ISBN 9505051468
041 ## - CODIGO DE IDIOMA
Código de idioma del texto/pista de sonido o título separado spa
092 ## - SIGNATURA TOPOGRAFICA DEWEY LOCAL
número de clasificación 616.075
libristica 46
sección KAL
100 1# - ENTRADA PRINCIPAL--NOMBRE PERSONAL
Nombre personal Kalinov, Adolfo
9 (RLIN) 915
245 #3 - TITULO PROPIAMENTE DICHO
Título El laboratorio y su interpretación semiológica /
Mención de responsabilidad y remanente de la transcripción de la portada Adolfo Kalinov
250 ## - MENCION DE EDICION
Mención de edición 2a ed.
260 ## - PIE DE IMPRENTA
Lugar de publicación, distribución, etc Buenos Aires:
Nombre de la editorial, distribuidor, etc López Libreros editores;
Fecha de publicación 1984.
300 ## - DESCRIPCION FISICA
Extension 260 p.
500 ## - NOTA GENERAL
Nota general Kalinov, A. (1984). El laboratorio y su interpretación semiológica. (2a ed.). Buenos Aires : López Libreros editores.
653 ## - TÉRMINO INDIZADO - PALABRAS CLAVES
Palabra clave Laboratorio
653 ## - TÉRMINO INDIZADO - PALABRAS CLAVES
Palabra clave Interpretación semiológica
942 ## - ADDED ENTRY ELEMENTS (KOHA)
Source of classification or shelving scheme Dewey Decimal Classification
Item type Libros
Existencias
Estado de retiro Existencia Fuente de clasificación Estado general No para prestamo Ubicación permanente ubicación actual Sala de ubicación Fecha de adquisición Total Checkouts Total Renewals Número de clasificación Código de barras Checked out Date last seen Date last borrowed Número de ejemplar Price effective from Koha tipo de elemento (item) Public note
    Dewey Decimal Classification     Biblioteca Medicina Biblioteca Medicina Referencia 02/09/2011 1 11 616.075 46 KAL 749 01/03/2029 06/11/2014 16/09/2011 ej.1 02/09/2011 Libros LIBRO DE CATEDRA

UNIVERSIDAD NACIONAL DEL COMAHUE
Biblioteca de la Facultad de Ciencias Médicas
Sede Toschi: Los Arrayanes y Av. Toschi, Cipolletti  - Rio Negro
Sede Los Tordos:  Yrigoyen al 2211, Cipolletti - Rio Negro 

Teléfono: 0299 - 4774707 int 25
Contacto: biblioteca@facimed.uncoma.edu.ar
© 2011 - 2026